Recreational Tourism : Demand and Impacts / (Record no. 1017)

MARC details
000 -LEADER
Fixed length control field 00487nam a2200181 4500
003 - CONTROL NUMBER IDENTIFIER
Control field SEACOMMC
005 - DATE AND TIME OF LATEST TRANSACTION
Control field 20250430151724.0
008 - FIXED-LENGTH DATA ELEMENTS--GENERAL INFORMATION
Fixed length control field 250120b |||||||| |||| 00| 0 eng d
020 ## - INTERNATIONAL STANDARD BOOK NUMBER / ISBN
International Standard Book Number 978-1-8731-50566
Price Rs.495.00
040 ## - CATALOGING SOURCE
Original cataloging agency SEACOMMC
082 ## - DEWEY DECIMAL CLASSIFICATION NUMBER
Classification number 338.4791
Book Number R 988
100 ## - MAIN ENTRY--PERSONAL NAME
Personal name Ryan, Chris
245 1# - TITLE STATEMENT
Title Recreational Tourism : Demand and Impacts /
Statement of responsibility Chris Ryan
260 ## - IMPRINT
Place of publication Kolkata
Name of publisher Viva-Books
Date of publication 2006
440 ## - SERIES STATEMENT
Series Title Aspects of Tourism,11
650 ## - SUBJECT ADDED ENTRY--TOPICAL TERM
Topical term Tourism
942 ## - ADDED ENTRY ELEMENTS (KOHA)
Koha item type Books
Holdings
Withdrawn status Lost status Source of classification Damaged status Not for loan Home library Current library Shelving location Date acquired Total Checkouts Call number Accession number Date last seen Price effective from Koha item type Copy number
    Dewey Decimal Classification     SEACOM MANAGEMENT COLLEGE SEACOM MANAGEMENT COLLEGE Reference 03/01/2008   338.4791 R 988 M-1702 20/01/2025 20/01/2025 Books  
    Dewey Decimal Classification     SEACOM MANAGEMENT COLLEGE SEACOM MANAGEMENT COLLEGE   03/01/2008   338.4791 R 988 M-1703 20/01/2025 20/01/2025 Books 1
    Dewey Decimal Classification     SEACOM MANAGEMENT COLLEGE SEACOM MANAGEMENT COLLEGE   03/01/2008   338.4791 R 988 M-1704 20/01/2025 20/01/2025 Books 2
© Seacom Engineering College, All rights reserved.    Powered by Koha